| 000 | 00542nam a22001697a 4500 | ||
|---|---|---|---|
| 005 | 20231113072318.0 | ||
| 008 | 231113b |||||||| |||| 00| 0 eng d | ||
| 020 | _a040906128 X | ||
| 041 | _aEnglish | ||
| 082 | _a346 VIS | ||
| 100 |
_aVisser, PJ and Potgieter, JM _lEnglish |
||
| 245 |
_aEstoppel: Cases and Materials / _cPJ Visser and JM Potgieter |
||
| 260 |
_aDurban : _bButterworth Publisher (Pty) Ltd, _c1994 |
||
| 300 |
_bx, 388 pages; _c25 cm. |
||
| 650 |
_aLegal practice _bLaw |
||
| 942 |
_cBK _6ALISON_BN_VRIES |
||
| 999 |
_c544 _d544 |
||